000 00583nam a2200205Ia 4500
008 140925s9999 xx 000 0 und d
020 _a2169-0286
100 _aKwag, Michael.
245 _aJournal of Hotel & Business Management /
_cMichael Kwag.
_h[electronic resource]
260 _bOMICS Group,
_cc2014.
516 _aElectronic text
650 _aBusiness.
650 _aJournal.
650 _aManagement.
650 _aTourism.
830 _aOMICS Group
856 _uhttp://omicsgroup.org/journals/hotel-business-management.php
942 _cEJ
999 _c275751
_d275751